| 000 | 00753nam a22002057a 4500 | ||
|---|---|---|---|
| 003 | OSt | ||
| 005 | 20260119004528.0 | ||
| 008 | 260119b |||||||| |||| 00| 0 eng d | ||
| 020 | _a0-07-243599-2 | ||
| 040 |
_aDWC-Main lib _cOC |
||
| 082 |
_21st edition _aCirc. 305.2 Sa237t 2002 |
||
| 100 | _aSantrock, J. | ||
| 245 |
_aA topical approach to life-span development _cSantrock, John W. |
||
| 250 | _a1st edition | ||
| 260 |
_aNew York : _bMcGraw-Hill Higher education, _cc2002 |
||
| 300 |
_axv, 579 p. ; _bcolored illustration ; _c28 cm |
||
| 504 | _aIncludes bibliographical references and index | ||
| 650 | _2Developmental psychology | ||
| 942 |
_2ddc _cBK-CIRC _e1st edition _hCirc. 305.2 Sa237t 2002 _kCirc. _n0 |
||
| 999 |
_c7504 _d7504 |
||